載入...
Linear programming
| 主要作者: | |
|---|---|
| 格式: | Printed Book |
| 出版: |
Himalaya Publishing House, Bombay
1989
|
| 主題: |
| LEADER | 00473nam a2200157 4500 | ||
|---|---|---|---|
| 082 | |a 519.72 SHA-L | ||
| 100 | |a Sharma, V K | ||
| 245 | |a Linear programming |c Sharma, V K | ||
| 250 | |||
| 260 | |a Himalaya Publishing House, Bombay |c 1989 | ||
| 300 | |a 228 p | ||
| 490 | |||
| 650 | |a Linear programming--Applied mathematics | ||
| 942 | |c BK | ||
| 999 | |c 125303 |d 125303 | ||
| 952 | |0 0 |1 0 |4 0 |6 519_720000000000000_SHAL |7 0 |9 138765 |a COM |b COM |l 0 |o 519.72 SHA-L |p COM01535 |r 2019-10-24 |w 2019-10-24 |y BK | ||